| 000 | 00479nam a2200181Ia 4500 | ||
|---|---|---|---|
| 001 | 14419 | ||
| 005 | 20260306164913.0 | ||
| 008 | 260306t1997||||xx |||||||||||||| ||spa|| | ||
| 041 | _aESP | ||
| 082 |
_a514.742 _bG48 |
||
| 100 |
_aGiona, Massimiliano, _eAUT |
||
| 245 | 0 |
_aFractals and chaos in chemical engineering : _bRome, Italy 2-5 september 1996 |
|
| 260 | _c1997 | ||
| 300 |
_ax, 710 páginas : _c22 cm. |
||
| 650 | _aGEN | ||
| 654 | _aCMA | ||
| 942 |
_cLIB _dJUS _fJUS _2ddc _n |
||
| 999 |
_c14419 _d14419 |
||